Представление документа в формате RUSMARC

ПолеНазваниеЗначение
  Тип записи a
  Библиографический уровень a
001 Контрольный номер RU/CBS_Ul/BASE/424955996
005 Дата корректировки 20240209175127.8
100 Данные общей обработки __
a Данные общей обработки 20130619d2013 ||| 0rusy0189 ca
101 Язык документа 0_
a Язык текста rus
102 Страна публикации __
a Страна публикации RU
105 Кодированные данные (монография) __
a Кодированные данные (монография) y###||||000|y
200 Заглавие и сведения об ответственности 1_
a Заглавие Аммофила
b Общее обозначение материала Текст
e Сведения, относящиеся к заглавию [оса, живет в норке, загораживает вход камешком]
f Первые сведения об ответственности В. Еремеева
300 Общие примечания __
a Общие примечания Ограничения по возрасту 6+
461 Уровень набора _0
1 2000
a Свирелька
463 Уровень физической единицы _0
1 001RU/CBS_Ul/BASE/424955852
1 2000
a №6
v С. 24 : фото
1 210
d 2013
606 Тематические рубрики __
a Основная рубрика Аммофила (энтомол.)
610 Ключевые слова __
a Ключевые слова осы
a Ключевые слова роющие осы
a Ключевые слова аммофила (энтомол.)
a Ключевые слова членистоногие
a Ключевые слова насекомые
a Ключевые слова перепончатокрылые
686 Индексы других классификаций __
a Классификационный индекс 28.691.89
2 Код системы ББК
700 Автор _1
a Фамилия Еремеева
b Имя (инициалы) В.
801 Источник записи _0
a Страна RU
b Организация МБУК ЦБС г. Ульяновска
c Дата составления 20130619
g Правила каталогизации RCR
801 Источник записи _1
a Страна RU
b Организация МБУК ЦБС г. Ульяновска
c Дата составления 20130619
g Правила каталогизации RCR
901 Тип документа __
t Тип документа b
w Контрольный № источника RU/CBS_Ul/BASE/424955852
910 Корректоры записи __
a Корректор записи Библиотека 6
938 Служебная информация __
a Имя БД period